000 00800nam a2200253 i 4500
001 bg
100 1 _aJAKIMOWICZ, Adam
245 1 0 _aArchitecture space computer abstraction /
_cAdam Jakimowicz, Andrzej Kadysz.
260 _aBiałystok :
_bTechnical University of Białystok. Faculty of Architecture,
_c1997.
300 _a77 s. :
_bfot., rys. ;
_c16 x 23 cm.
504 _aBibliogr. s. 75-77.
650 9 _aArchitektura
_xteoria
_y20 w.
650 9 _aArchitektura
_xprojekty
_xautomatyzacja
650 9 _aMultimedia
_xzagadnienia
650 9 _aSymulacja
_xzagadnienia
700 1 _aKADYSZ, Andrzej
020 _a8390537737
040 _cBPK
041 0 _aen
080 _a72.01/.02:004.032.6:004.94
920 _a83-905377-3-7
942 _cKS
008 s pl f |000 0 pol
999 _c37837
_d37837
856 _uhttp://koha.tu.koszalin.pl/cgi-bin/koha/opac-detail.pl?biblionumber=37837
_yKatalog online BPK